Score 0/20 Timer 06:00
7 Plays Today
Clue Four-Letter Word % Correct
2013 NBA Finals participantHEAT
71.8%
2013 NBA Finals participantSPUR
60.8%
It has eyes on itHEAD
57.9%
Like some whiskey drinksNEAT
54.5%
Like some whiskey drinksSOUR
54.3%
It has eyes on itSPUD
51.9%
Kept fastSPED
50.6%
Where an egg might be droppedNEST
49.3%
TriumphBEST
44.1%
Where an egg might be droppedSOUP
39.1%
Clue Four-Letter Word % Correct
Tear upREND
36.2%
Gin byproduct?SEED
35.4%
TriumphCOUP
33.5%
Kept fastHELD
33%
What some sewers doSEEP
31.9%
Tear upWEEP
30.5%
Pipe insertWEED
27.6%
Pipe insertREED
26.5%
What some sewers doMEND
25.1%
Gin byproduct?MELD
23%

Today's Daily Dose

Missing Word
Lizzo Songs

Get the Picture
The Longest Rivers

Remove Ads.
Support Sporcle.
Get the best of Sporcle when you Go Orange. This ad-free experience offers more features, more stats, and more fun while also helping to support Sporcle. Thank you for becoming a member.

You're not logged in!

Compare scores with friends on all Sporcle quizzes.
OR
Log In

Show Comments

Extras

Top Quizzes Today


Score Distribution

Your Account Isn't Verified!

In order to create a playlist on Sporcle, you need to verify the email address you used during registration. Go to your Sporcle Settings to finish the process.

Report this User

Report this user for behavior that violates our Community Guidelines.

Details: